000 00811nam a2200229 a 4500
001 000140720
003 AM-YEHGA
005 20250617122912.0
008 060421s1983 ||||||||||||||||||||rus|d
040 _aAM-YeHGA
041 1 _arus
_heng
100 1 _aМелник, Мирон
245 1 0 _aОсновы прикладной статистики /
_cМ. Мелник ; Пер. с англ. Л.А. Клименко, В.В. Минахина.
246 3 1 _aPrinciples of Applied Statistics
260 _aМосква :
_bЭнергоатомиздат,
_c1983.
300 _a414 с. ;
_c25 см.
650 1 4 _aМатематическая статистика
700 1 _aКлименко, Л.А.
_eпер.
_4trl
700 1 _aМинахин, В.В.
_eпер.
_4trl
942 _2udc
_cBK
090 _c48011
999 _c47254
_d47254